[Event "Monroe (RVO/5/12)"]
[Site "?"]
[Date "1986.??.??"]
[Round "?"]
[White "Murray, David"]
[Black "Rust, L.."]
[Result "1-0"]
[WhiteElo "1985"]
[BlackElo "1715"]
[PlyCount "93"]
[EventDate "1986.??.??"]

{5/(12)} 1. e4 c5 2. Nf3 d6 3. d4 cxd4 4. Nxd4 Nf6 5. Nc3 g6 6. Bc4 Bg7 7. f3
Nc6 8. Be3 O-O 9. Qd2 Bd7 10. O-O-O Rc8 11. Bb3 Ne5 12. h4 Nc4 13. Bxc4 Rxc4
14. Nde2 Qc7 15. h5 Rc8 16. hxg6 fxg6 17. Bh6 Bh8 18. g4 Be6 19. Nf4 Rxc3 20.
Qxc3 Qxc3 21. bxc3 Bxa2 22. Ne2 Nd7 23. Kb2 Bc4 24. Nd4 Ne5 25. Rh3 Bf7 26.
Rdh1 Nc4+ 27. Kc1 a5 28. Bg5 h5 29. gxh5 gxh5 30. Bxe7 a4 31. Rg1+ Kh7 32. Kd1
a3 33. Ke2 Be5 34. Nb5 Rc5 35. Nd4 a2 36. Nb3 Rc7 37. f4 Bxc3 38. Rxc3 Rxe7 39.
Kf3 b5 40. Rd3 Nb2 41. Rxd6 Bxb3 42. cxb3 Ra7 43. Ra1 Ra3 44. Rd2 Rxb3+ 45. Ke2
Rg3 46. Kf2 h4 47. Rxb2 1-0

[Event "Monroe (RVO/2/8)"]
[Site "?"]
[Date "1986.??.??"]
[Round "?"]
[White "Murray, David"]
[Black "Poschel, Paul"]
[Result "0-1"]
[WhiteElo "1985"]
[BlackElo "2285"]
[PlyCount "70"]
[EventDate "1986.??.??"]

{2/(8)} 1. e4 c5 2. Nf3 e6 3. d4 cxd4 4. Nxd4 Nf6 5. Nc3 Nc6 6. Be2 Bb4 7. f3
d5 8. Nxc6 bxc6 9. e5 Nd7 10. Qd4 Qe7 11. Bd2 O-O 12. Ne4 Bxd2+ 13. Nxd2 c5 14.
Qe3 Qh4+ 15. g3 Qb4 16. O-O Qxb2 17. c3 Qb8 18. f4 Qc7 19. Bf3 Rb8 20. Rab1 Ba6
21. Rfe1 Rxb1 22. Nxb1 Re8 23. h4 Qb6 24. Rc1 c4 25. Qd4 g6 26. Nd2 Qxd4+ 27.
cxd4 Rb8 28. Rb1 Rxb1+ 29. Nxb1 Nb8 30. Nc3 Nc6 31. Ne2 Nb4 32. a4 Na2 33. Kf1
c3 34. Ke1 Bxe2 35. Bxe2 c2 0-1

[Event "Warren (MCO/5/25)"]
[Site "?"]
[Date "1986.??.??"]
[Round "?"]
[White "Murray, David"]
[Black "Griffin, John"]
[Result "1-0"]
[WhiteElo "1985"]
[BlackElo "1635"]
[PlyCount "29"]
[EventDate "1986.??.??"]

{5/(25)} 1. e4 c5 2. Nf3 Nc6 3. d4 cxd4 4. Nxd4 Nf6 5. Nc3 e5 6. Ndb5 a6 7.
Nd6+ Bxd6 8. Qxd6 Qe7 9. Qd1 b5 10. Bg5 Bb7 11. Nd5 Qd6 12. Nxf6+ Qxf6 13. Bxf6
gxf6 14. Qd6 Nd4 15. Bd3 1-0

[Event "Warren (MCO/1/27)"]
[Site "?"]
[Date "1986.??.??"]
[Round "?"]
[White "Murray, David"]
[Black "Boldrick, Thomas"]
[Result "0-1"]
[WhiteElo "1985"]
[BlackElo "1605"]
[PlyCount "112"]
[EventDate "1986.??.??"]

{1/(27)} 1. e4 d5 2. exd5 Nf6 3. Nc3 Nxd5 4. Bc4 Nxc3 5. Qf3 e6 6. dxc3 Nc6 7.
Bf4 Bd6 8. Rd1 Qe7 9. Nh3 Bd7 10. O-O O-O-O 11. Rfe1 h6 12. Qg3 e5 13. Be3 e4
14. Bf4 Bf5 15. Bxd6 cxd6 16. Nf4 g5 17. Nd5 Qd7 18. b4 Ne5 19. Qe3 Nxc4 20.
Qxa7 Qb5 21. Ne7+ Kd7 22. Nxf5 Qxf5 23. Qxb7+ Ke6 24. Rxe4+ Ne5 25. Qd5+ Kf6
26. Qd4 Kg6 27. Rde1 f6 28. b5 d5 29. R4e2 Qg4 30. Qe3 d4 31. cxd4 Rxd4 32. Kf1
Rhd8 33. h3 Qf4 34. Qxf4 Rxf4 35. Re4 Rxe4 36. Rxe4 Rd2 37. Re2 Rd1+ 38. Re1
Rd4 39. Rb1 Nc4 40. c3 Rd3 41. Ke2 Rd2+ 42. Ke1 Rxa2 43. b6 Ra8 44. Rb4 Ne5 45.
Kd2 Rb8 46. g4 Rb7 47. Kc2 Nd7 48. c4 Rxb6 49. Rxb6 Nxb6 50. c5 Nd5 51. Kd3 Kf7
52. Ke4 Ke6 53. f3 Nb4 54. Kd4 Nc6+ 55. Ke4 Ne5 56. Ke3 Kd5 0-1

[Event "Warren (MCO/3/22)"]
[Site "?"]
[Date "1986.??.??"]
[Round "?"]
[White "Murray, David"]
[Black "Blake, J.."]
[Result "0-1"]
[WhiteElo "1955"]
[BlackElo "1645"]
[PlyCount "104"]
[EventDate "1986.??.??"]

{3/(22)} 1. f4 d5 2. e3 b6 3. Nf3 Bb7 4. c4 e6 5. b3 Be7 6. Bb2 Nf6 7. Nc3 O-O
8. Bd3 c5 9. O-O d4 10. exd4 cxd4 11. Ne2 Bxf3 12. Rxf3 Nc6 13. a3 a5 14. Rh3
Bc5 15. Ng3 g6 16. Qf3 Ne7 17. Re1 Re8 18. Re5 Qd6 19. Ne4 Nxe4 20. Bxe4 Rad8
21. Reh5 f5 22. Rxh7 fxe4 23. Rh8+ Kf7 24. R3h7+ Kf6 25. Qg4 e5 26. Qg5+ Ke6
27. f5+ Kd7 28. Rxe8 Rxe8 29. f6 e3 30. fxe7 e2 31. Kf2 d3+ 32. Ke1 Rxe7 33.
Rxe7+ Qxe7 34. Qxe7+ Kxe7 35. Bxe5 Bxa3 36. h3 Ke6 37. Bg3 Bd6 38. Bf2 Bc5 39.
Bh4 Kf5 40. Bg3 Bd4 41. Bc7 Kg5 42. Bg3 Bc5 43. Bc7 Kh4 44. Bh2 g5 45. Be5 g4
46. hxg4 Kxg4 47. Bc7 Bd4 48. Bh2 Bf6 49. g3 Bd4 50. c5 bxc5 51. b4 c4 52. bxa5
c3 0-1

[Event "Warren (MCO/6/33)"]
[Site "?"]
[Date "1986.??.??"]
[Round "?"]
[White "Morrow, Chris"]
[Black "Small, R.."]
[Result "0-1"]
[WhiteElo "1605"]
[BlackElo "1775"]
[PlyCount "129"]
[EventDate "1986.??.??"]

{6/(33)} 1. e4 e5 2. Nf3 Nc6 3. Bb5 d6 4. d4 exd4 5. Nxd4 Bd7 6. Nxc6 Bxc6 7.
Bxc6+ bxc6 8. O-O g6 9. Qd4 Qf6 10. Qxf6 Nxf6 11. Re1 O-O-O 12. Bg5 Bg7 13. Nd2
h6 14. Be3 Rhe8 15. f3 Nd7 16. c3 Nb6 17. Bd4 f6 18. b4 c5 19. bxc5 dxc5 20.
Be3 Rd3 21. Rac1 f5 22. Nb1 c4 23. Kf1 fxe4 24. Bxb6 axb6 25. fxe4 Be5 26. h3
c6 27. Red1 Bf4 28. Rxd3 cxd3 29. Rd1 Rd8 30. Kf2 b5 31. g3 Be5 32. Ke3 Bxg3
33. Rxd3 Rf8 34. Rd1 Bf4+ 35. Kf2 g5 36. Kf3 Kc7 37. Kg4 Kb6 38. Nd2 Bxd2 39.
Rxd2 Rf4+ 40. Kh5 Rxe4 41. Kxh6 Rh4+ 42. Kxg5 Rxh3 43. Rc2 Kc5 44. a4 bxa4 45.
Ra2 Rxc3 46. Rxa4 Rf3 47. Kg4 Rf8 48. Ra7 Kb4 49. Rb7+ Kc4 50. Rc7 c5 51. Kg3
Kb4 52. Rb7+ Kc3 53. Rc7 c4 54. Kg2 Kb3 55. Rb7+ Kc2 56. Rc7 c3 57. Kg1 Kb2 58.
Rb7+ Kc1 59. Rc7 c2 60. Kg2 Rd8 61. Rf7 Kd2 62. Rf2+ Kc3 63. Rf3+ Kb2 64. Rf2
Kb1 65. Rf1+ 0-1

[Event "Warren (MCO/3/29)"]
[Site "?"]
[Date "1986.??.??"]
[Round "?"]
[White "Morrow, Chris"]
[Black "Golonka, Stan"]
[Result "0-1"]
[WhiteElo "1605"]
[BlackElo "1800"]
[PlyCount "64"]
[EventDate "1986.??.??"]

{3/(29)} 1. e4 c5 2. Nf3 d6 3. d4 cxd4 4. Nxd4 Nf6 5. Nc3 Nc6 6. Bg5 Qa5 7.
Bxf6 gxf6 8. Qd2 Bd7 9. Nb3 Qb4 10. a3 Qb6 11. Nd5 Qd8 12. O-O-O f5 13. exf5
Bxf5 14. Bd3 Bd7 15. Rhe1 e6 16. Qf4 Be7 17. Nxe7 Qxe7 18. Be2 Ne5 19. Qd4 Bc6
20. Qxd6 Qxd6 21. Rxd6 Bxg2 22. Nc5 Ke7 23. Red1 b6 24. Nd7 Rhd8 25. Nxe5 Rxd6
26. Rxd6 Kxd6 27. Nxf7+ Ke7 28. Ne5 Be4 29. Kd2 Rd8+ 30. Ke3 Bb7 31. Bd3 Kf6
32. Kf4 Rd4+ 0-1

[Event "Warren (MCO/1/16)"]
[Site "?"]
[Date "1986.??.??"]
[Round "?"]
[White "Morrow, Chris"]
[Black "Daniel, Aaron"]
[Result "0-1"]
[WhiteElo "1605"]
[BlackElo "2100"]
[PlyCount "76"]
[EventDate "1986.??.??"]

{1/(16)} 1. e4 Nf6 2. e5 Nd5 3. d4 d6 4. Nf3 Nb6 5. h3 Nc6 6. a3 dxe5 7. dxe5
Qxd1+ 8. Kxd1 Bf5 9. Bd2 O-O-O 10. Bb5 e6 11. c3 Bc5 12. Ke2 h6 13. b4 Be7 14.
Bxc6 bxc6 15. Nd4 Be4 16. f3 Bd5 17. a4 Nc4 18. Bf4 g5 19. Bg3 f6 20. exf6 Bxf6
21. Bf2 e5 22. Nf5 e4 23. fxe4 Bxe4 24. Bd4 Bxf5 25. Bxf6 Rhe8+ 26. Kf2 Rd5 27.
Bd4 Bd3 28. Rd1 Re2+ 29. Kg3 Be4 30. Rg1 Nd6 31. Bxa7 Nf5+ 32. Kh2 Nh4 33. Bd4
Nf3+ 34. Kh1 Nxg1 35. Kxg1 Rxg2+ 36. Kf1 Rf5+ 37. Ke1 Rh2 38. a5 Bd3 0-1

[Event "Warren (MCO/5/36)"]
[Site "?"]
[Date "1986.??.??"]
[Round "?"]
[White "Morris, Jewell"]
[Black "Towsley, J.."]
[Result "1-0"]
[WhiteElo "1675"]
[BlackElo "1605"]
[PlyCount "61"]
[EventDate "1986.??.??"]

{5/(36)} 1. e4 c6 2. Nf3 d5 3. exd5 cxd5 4. d4 Nf6 5. Bd3 e6 6. O-O Nc6 7. Bf4
Be7 8. Nc3 a6 9. a3 O-O 10. b3 b5 11. b4 Bb7 12. Ne5 Nxd4 13. Bxh7+ Nxh7 14.
Qxd4 Bf6 15. Ne2 Rc8 16. Qd3 Qe7 17. Rad1 Rfd8 18. c3 Nf8 19. Rfe1 Nd7 20. Nxd7
Qxd7 21. Nd4 Re8 22. Be5 Qd8 23. Re3 Rc4 24. Rde1 Bg5 25. f4 Bh6 26. Rg3 f6 27.
Qg6 fxe5 28. Qxh6 Qd7 29. Rxe5 Rxc3 30. Rg6 Rg3 31. Rxg3 1-0

[Event "Warren (MCO/6/27)"]
[Site "?"]
[Date "1986.??.??"]
[Round "?"]
[White "Morris, Jewell"]
[Black "Proszkow, T.."]
[Result "1-0"]
[WhiteElo "1675"]
[BlackElo "1790"]
[PlyCount "65"]
[EventDate "1986.??.??"]

{6/(27)} 1. e4 c5 2. Nf3 Nc6 3. Bc4 e6 4. Nc3 Nge7 5. O-O d5 6. exd5 exd5 7.
Be2 Ng6 8. d4 c4 9. Re1 Be7 10. Ne5 O-O 11. Nxg6 hxg6 12. Bf3 Be6 13. a3 a6 14.
Bf4 Qd7 15. Ne2 g5 16. Bg3 g4 17. Bxg4 Bxg4 18. h3 Bf5 19. c3 b5 20. Nf4 Bg5
21. Bh2 Bxf4 22. Bxf4 Ne7 23. Qf3 Ng6 24. Bh2 Rfe8 25. Qh5 Re6 26. Rf1 Bd3 27.
Rfe1 Rae8 28. Rxe6 Qxe6 29. Bg3 Qf5 30. Qxf5 Bxf5 31. a4 bxa4 32. Rxa4 Rb8 33.
Bxb8 1-0

[Event "Warren (MCO/2/34)"]
[Site "?"]
[Date "1986.??.??"]
[Round "?"]
[White "Morris, Jewell"]
[Black "Kanluen, T.."]
[Result "1-0"]
[WhiteElo "1675"]
[BlackElo "1605"]
[PlyCount "89"]
[EventDate "1986.??.??"]

{2/(34)} 1. e4 e5 2. Nf3 Nc6 3. Bc4 Nf6 4. d3 d6 5. Nc3 Bg4 6. Be3 Be7 7. Bb5
O-O 8. Bxc6 bxc6 9. O-O d5 10. Bg5 h6 11. Bh4 Re8 12. h3 Bh5 13. g4 Bg6 14.
Nxe5 Qd6 15. Bg3 Rac8 16. Nxg6 Qd7 17. Ne5 Qe6 18. exd5 cxd5 19. Re1 Bb4 20.
Nf3 Qc6 21. Rxe8+ Qxe8 22. Qe2 Bxc3 23. Qxe8+ Nxe8 24. bxc3 c5 25. Rb1 Kf8 26.
Rb8 Rc6 27. Ne5 Re6 28. Nd7+ Kg8 29. Nxc5 Re2 30. Kf1 Re7 31. Bd6 Kf8 32. Nd7+
Kg8 33. Bxe7 f6 34. Rxe8+ Kf7 35. Ra8 Kxe7 36. Rxa7 Kf7 37. Ke2 g6 38. Nc5+ Kg8
39. Ne6 g5 40. f4 gxf4 41. Kf3 f5 42. gxf5 h5 43. Rg7+ Kh8 44. f6 d4 45. f7 1-0

[Event "Taylor (SEMO/2/11)"]
[Site "?"]
[Date "1986.??.??"]
[Round "?"]
[White "Morris, Jason"]
[Black "Cummings, J.."]
[Result "1/2-1/2"]
[WhiteElo "1835"]
[BlackElo "1940"]
[PlyCount "146"]
[EventDate "1986.??.??"]

{2/(11)} 1. e4 c6 2. Nc3 d5 3. Nf3 dxe4 4. Nxe4 Nf6 5. Nxf6+ gxf6 6. Bc4 Bf5 7.
d4 e6 8. Bf4 Bd6 9. Bg3 h5 10. Nh4 Bh7 11. O-O Bxg3 12. fxg3 Bg8 13. c3 Nd7 14.
Qe2 Qc7 15. d5 cxd5 16. Bb5 O-O-O 17. Bxd7+ Rxd7 18. Rxf6 Qb6+ 19. Qf2 Qxf2+
20. Kxf2 Kd8 21. Ke3 Ke7 22. Raf1 Rd6 23. Kd4 Ra6 24. a3 Ra4+ 25. Ke3 Rh7 26.
R1f4 Rxf4 27. Rxf4 f5 28. Rb4 Kd6 29. Kf4 Rg7 30. h3 Bh7 31. Nf3 b6 32. Rd4 b5
33. Rb4 a6 34. a4 Kc5 35. axb5 axb5 36. Nd4 e5+ 37. Kxe5 Rxg3 38. Rxb5+ Kc4 39.
Rb4+ Kd3 40. Kxd5 Rxg2 41. Ke5 Rg3 42. h4 Re3+ 43. Kf4 Re4+ 44. Kg5 Rg4+ 45.
Kxh5 Bg6+ 46. Kh6 f4 47. Ne6 Ke3 48. Rxf4 Rg2 49. Rb4 Bc2 50. Ng5 Rf2 51. Kg7
Rh2 52. Kh6 Bf5 53. Kg7 Bb1 54. Kf6 Bc2 55. Ke5 Bd3 56. Kd6 Bb1 57. Ne6 Be4 58.
c4 Rxh4 59. c5 Rh6 60. Rb6 Kd3 61. Rb8 Kc4 62. c6 Bxc6 63. Rc8 Kb5 64. Rb8+ Kc4
65. b3+ Kc3 66. Kxc6 Rxe6+ 67. Kd5 Rh6 68. b4 Rh5+ 69. Kc6 Kc4 70. Rb6 Rg5 71.
Kb7 Rb5 72. Rxb5 Kxb5 73. Kc7 Kxb4 1/2-1/2

[Event "Taylor (SEMO/3/13)"]
[Site "?"]
[Date "1986.??.??"]
[Round "?"]
[White "Morris, Jason"]
[Black "Accad, W.."]
[Result "1/2-1/2"]
[WhiteElo "1835"]
[BlackElo "1915"]
[PlyCount "84"]
[EventDate "1986.??.??"]

{3/(13)} 1. e4 e6 2. d4 d5 3. Nc3 Nf6 4. Bg5 Be7 5. e5 Nfd7 6. h4 h6 7. Bxe7
Qxe7 8. Qh5 a6 9. O-O-O g6 10. Qe2 Nb6 11. Nf3 Bd7 12. Qe3 Nc6 13. h5 g5 14.
Nh2 O-O-O 15. Ng4 Na7 16. Rh3 Kb8 17. Nf6 Rc8 18. f4 gxf4 19. Qxf4 Bb5 20. Rg3
Nd7 21. Nxd7+ Qxd7 22. Rg7 Rcf8 23. Bxb5 axb5 24. Rf1 b4 25. Ne2 Qb5 26. Kd1
Qa4 27. Nc1 Nb5 28. Qe3 Qa7 29. Rfxf7 Rxf7 30. Rxf7 Qxd4+ 31. Qxd4 Nxd4 32. Rg7
Kc8 33. Nd3 Nf5 34. Rg6 Ne3+ 35. Kd2 Nc4+ 36. Ke2 Kd7 37. b3 Na3 38. Nxb4 Nb5
39. a4 Nd4+ 40. Kd2 c5 41. Rg7+ Kc8 42. Nd3 b6 1/2-1/2

[Event "Monroe (MI Op/5/28)"]
[Site "?"]
[Date "1986.??.??"]
[Round "?"]
[White "Moore, Robert"]
[Black "Thomas, Henry"]
[Result "1-0"]
[WhiteElo "1805"]
[BlackElo "1705"]
[PlyCount "43"]
[EventDate "1986.??.??"]

{5/(28)} 1. e4 e5 2. Nf3 Nf6 3. d4 exd4 4. e5 Nd5 5. Qxd4 Nb6 6. Be2 Nc6 7. Qd1
Be7 8. O-O O-O 9. Nc3 d6 10. exd6 Qxd6 11. Nb5 Qxd1 12. Rxd1 Bd8 13. Bf4 Re8
14. Kf1 Re7 15. Rd2 Bf5 16. Rad1 a6 17. Nbd4 Nxd4 18. Nxd4 Bd7 19. Nf5 Re8 20.
Rxd7 Nxd7 21. Rxd7 Rc8 22. Bc4 1-0

[Event "Monroe (MI Op/2/18)"]
[Site "?"]
[Date "1986.??.??"]
[Round "?"]
[White "Moore, Robert"]
[Black "Levine, H.."]
[Result "0-1"]
[WhiteElo "1805"]
[BlackElo "2035"]
[PlyCount "56"]
[EventDate "1986.??.??"]

{2/(18)} 1. e4 c5 2. Nf3 Nc6 3. d4 cxd4 4. Nxd4 g6 5. Bc4 Nf6 6. Nc3 Qa5 7. O-O
Bg7 8. Nf3 d6 9. Bd2 O-O 10. Bb3 Bg4 11. Nd5 Qd8 12. Nxf6+ Bxf6 13. h3 Bxf3 14.
Qxf3 Bxb2 15. Rad1 Nd4 16. Qd3 Nxb3 17. Qxb3 Qb6 18. Be3 Qxb3 19. cxb3 Rfc8 20.
f3 Ba3 21. Rf2 Bc5 22. Bxc5 Rxc5 23. Rdd2 Rac8 24. Kh2 b5 25. Kg3 Kg7 26. Kf4
b4 27. g4 R8c6 28. Rd4 e5+ 0-1

[Event "Monroe (MI Op/7/24)"]
[Site "?"]
[Date "1986.??.??"]
[Round "?"]
[White "Moore, Robert"]
[Black "Levadi, David"]
[Result "1/2-1/2"]
[WhiteElo "1805"]
[BlackElo "1790"]
[PlyCount "41"]
[EventDate "1986.??.??"]

{7/(24)} 1. e4 e5 2. Nf3 Nf6 3. d4 Nxe4 4. Nxe5 d6 5. Nf3 d5 6. Be2 Bf5 7. O-O
Bd6 8. Nbd2 Nd7 9. Nxe4 Bxe4 10. Bd3 Bxd3 11. Qxd3 O-O 12. b3 c6 13. c4 Re8 14.
Bd2 Nf8 15. Rfe1 Qd7 16. Rad1 Rxe1+ 17. Rxe1 Re8 18. Rxe8 Qxe8 19. Qe3 Qxe3 20.
fxe3 Nd7 21. Bc1 1/2-1/2

[Event "Taylor (SEMO/3/10)"]
[Site "?"]
[Date "1986.??.??"]
[Round "?"]
[White "Moody, David"]
[Black "Stefanski, Mark"]
[Result "1/2-1/2"]
[WhiteElo "1955"]
[BlackElo "1845"]
[PlyCount "110"]
[EventDate "1986.??.??"]

{3/(10)} 1. e4 e5 2. f4 Bc5 3. Nf3 d6 4. Bc4 Nc6 5. c3 Qe7 6. f5 Nf6 7. d3 h6
8. b4 Bb6 9. Qb3 a5 10. b5 a4 11. Bxf7+ Qxf7 12. Qxf7+ Kxf7 13. bxc6 bxc6 14.
Nbd2 Ng4 15. Nc4 Ba7 16. Rf1 Ba6 17. h3 Bxc4 18. dxc4 Ne3 19. Bxe3 Bxe3 20. Ke2
Bc5 21. Rab1 Rab8 22. Kd3 Kf6 23. Kc2 Rb6 24. g4 Rhb8 25. h4 Be3 26. Rxb6 Rxb6
27. Rb1 Rxb1 28. Kxb1 d5 29. cxd5 cxd5 30. exd5 Bf2 31. Kc2 e4 32. Nd4 Bxh4 33.
Ne6 Bg3 34. Kd2 Bd6 35. Ke3 Ke5 36. c4 Bb4 37. Nxg7 Bc5+ 38. Ke2 Bb6 39. Ne6
Kf6 40. c5 Ba5 41. d6 cxd6 42. cxd6 h5 43. d7 hxg4 44. d8=Q+ Bxd8 45. Nxd8 g3
46. Ke3 Kxf5 47. Nf7 g2 48. Kf2 e3+ 49. Kxg2 Ke4 50. Kf1 Kd3 51. Ne5+ Kc3 52.
Ke2 Kb2 53. Kd3 e2 54. Nf3 Kxa2 55. Kc2 Ka3 1/2-1/2

[Event "Warren (MCO/2/19)"]
[Site "?"]
[Date "1986.??.??"]
[Round "?"]
[White "Moody, David"]
[Black "Raftshol, W.."]
[Result "1/2-1/2"]
[WhiteElo "2005"]
[BlackElo "1710"]
[PlyCount "85"]
[EventDate "1986.??.??"]

{2/(19)} 1. e4 e6 2. d4 d5 3. Nc3 Bb4 4. e5 c5 5. a3 Bxc3+ 6. bxc3 Qc7 7. Nf3
Ne7 8. a4 Bd7 9. Be2 cxd4 10. cxd4 Nbc6 11. O-O Na5 12. Ba3 Rc8 13. Bxe7 Kxe7
14. Qd2 h6 15. Rfb1 Qc3 16. Bd3 Rc7 17. Qf4 Nc6 18. Qh4+ g5 19. Nxg5 Qxd4 20.
Ne4+ Kf8 21. Qf6 Qxe5 22. Qxe5 Nxe5 23. Nd6 Nxd3 24. cxd3 Ke7 25. Nb5 Bxb5 26.
axb5 Rhc8 27. Kf1 b6 28. Ke2 Rc2+ 29. Ke3 R8c7 30. Rb4 Kf6 31. Rf4+ Kg5 32.
Rfa4 Rb2 33. Rxa7 Rxa7 34. Rxa7 Kf6 35. Ra4 Rxb5 36. Rf4+ Kg6 37. Rg4+ Kf6 38.
Rf4+ Ke7 39. Rh4 h5 40. d4 Rb3+ 41. Ke2 Rb2+ 42. Ke3 Rb3+ 43. Ke2 1/2-1/2

[Event "Monroe (MI Op/7/11)"]
[Site "?"]
[Date "1986.??.??"]
[Round "?"]
[White "Moody, David"]
[Black "Mazuchowski, Tom"]
[Result "0-1"]
[WhiteElo "2015"]
[BlackElo "2140"]
[PlyCount "40"]
[EventDate "1986.??.??"]

{7/(11)} 1. e4 e6 2. d4 d5 3. Nc3 Be7 4. Nf3 Nf6 5. exd5 exd5 6. Bd3 Nc6 7. Bg5
Nb4 8. O-O Nxd3 9. Qxd3 O-O 10. Rae1 Be6 11. Ne5 c6 12. Re2 h6 13. Bh4 Qc7 14.
Rfe1 Nh5 15. Bxe7 Nf4 16. Nxd5 Bxd5 17. Qa3 Nxe2+ 18. Rxe2 Rfe8 19. Bd6 Qc8 20.
Qd3 Qe6 0-1

[Event "Taylor (SEMO/1/1)"]
[Site "?"]
[Date "1986.??.??"]
[Round "?"]
[White "Moody, David"]
[Black "Lindsay, F.."]
[Result "1/2-1/2"]
[WhiteElo "1955"]
[BlackElo "2360"]
[PlyCount "44"]
[EventDate "1986.??.??"]

{1/(1)} 1. e4 e6 2. d4 d5 3. Nc3 Bb4 4. e5 c5 5. a3 Bxc3+ 6. bxc3 Ne7 7. Nf3
Bd7 8. a4 Qa5 9. Bd2 Nbc6 10. Bb5 c4 11. O-O O-O-O 12. Qc1 h6 13. Qa3 f5 14.
exf6 gxf6 15. Bf4 Nf5 16. Rfb1 Rh7 17. Qc5 Be8 18. Bxc6 Qxc5 19. Bxb7+ Rxb7 20.
dxc5 e5 21. Rxb7 Kxb7 22. g4 exf4 1/2-1/2

[Event "Monroe (MI Op/1b/12)"]
[Site "?"]
[Date "1986.??.??"]
[Round "?"]
[White "Moody, David"]
[Black "Levadi, David"]
[Result "1-0"]
[WhiteElo "2015"]
[BlackElo "1790"]
[PlyCount "31"]
[EventDate "1986.??.??"]

1. e4 e5 2. Nf3 Nf6 3. Nxe5 d6 4. Nf3 Nxe4 5. d4 d5 6. Bd3 Nc6 7. O-O Bg4 8. c4
Nf6 9. Re1+ Be7 10. cxd5 Nxd5 11. Nc3 O-O 12. Nxd5 Qxd5 13. Be4 Qd7 14. Bxc6
bxc6 15. Ne5 Bxd1 16. Nxd7 1-0

[Event "Kalamazoo (WMUSO/3/7)"]
[Site "?"]
[Date "1986.??.??"]
[Round "?"]
[White "Moody, David"]
[Black "Kung, Fred"]
[Result "0-1"]
[WhiteElo "1970"]
[BlackElo "1770"]
[PlyCount "58"]
[EventDate "1986.??.??"]

{3/(7)} 1. e4 e5 2. Nf3 Nc6 3. d4 exd4 4. Bc4 Nf6 5. O-O Nxe4 6. Re1 d5 7. Nc3
dxc4 8. Rxe4+ Be6 9. Nxd4 Nxd4 10. Rxd4 Bd6 11. Ne4 O-O 12. Bf4 Bxf4 13. Rxd8
Raxd8 14. Qf3 Be5 15. Rd1 Rxd1+ 16. Qxd1 Bxb2 17. Nc5 Bc8 18. Na4 Bf6 19. f3
Rd8 20. Qe1 Bf5 21. c3 Bc2 22. Nb2 b5 23. Qc1 Bg6 24. Qe3 b4 25. Nxc4 bxc3 26.
Ne5 Bxe5 27. Qxe5 c2 28. Qxc7 Rd1+ 29. Kf2 h6 0-1

[Event "Warren (MCO/6/17)"]
[Site "?"]
[Date "1986.??.??"]
[Round "?"]
[White "Moody, David"]
[Black "Hobbs, Raymond"]
[Result "1-0"]
[WhiteElo "2005"]
[BlackElo "1780"]
[PlyCount "49"]
[EventDate "1986.??.??"]

{6/(17)} 1. e4 e6 2. d4 d5 3. Nc3 Bb4 4. e5 c5 5. a3 Bxc3+ 6. bxc3 Ne7 7. Nf3
Nbc6 8. a4 O-O 9. Bd3 Ng6 10. h4 c4 11. Bxg6 fxg6 12. h5 gxh5 13. Ng5 g6 14. g4
h4 15. Rxh4 Rf7 16. Nxf7 Qxh4 17. Qf3 Qe7 18. Nh6+ Kg7 19. Ba3 Qd8 20. g5 Bd7
21. Nf7 Nxd4 22. cxd4 Qa5+ 23. Ke2 h5 24. gxh6+ Kh7 25. Ng5+ 1-0

[Event "Monroe (RVO/5/7)"]
[Site "?"]
[Date "1986.??.??"]
[Round "?"]
[White "Moody, David"]
[Black "Hayes, R.."]
[Result "0-1"]
[WhiteElo "2015"]
[BlackElo "2090"]
[PlyCount "42"]
[EventDate "1986.??.??"]

{5/(7)} 1. e4 e5 2. Nf3 Nf6 3. d4 Nxe4 4. Bd3 d5 5. Nxe5 Nd7 6. Qe2 Nxe5 7.
Bxe4 dxe4 8. Qxe4 Be7 9. dxe5 O-O 10. Bf4 c6 11. Nd2 Be6 12. O-O-O Qa5 13. a4
Bd5 14. Nb3 Qa6 15. Qd4 Rfd8 16. Qc3 Qxa4 17. Rd4 Qb5 18. Qg3 Bxb3 19. Rxd8+
Rxd8 20. Qxb3 Qa6 21. Kb1 Rd4 0-1

[Event "Warren (MCO/4/5)"]
[Site "?"]
[Date "1986.??.??"]
[Round "?"]
[White "Moody, David"]
[Black "Groeller, W.."]
[Result "0-1"]
[WhiteElo "2005"]
[BlackElo "2185"]
[PlyCount "54"]
[EventDate "1986.??.??"]

{4/(5)} 1. e4 c5 2. Nf3 d6 3. d4 cxd4 4. Nxd4 Nf6 5. Nc3 g6 6. Be3 Bg7 7. f3
O-O 8. Qd2 Nc6 9. Bc4 Bd7 10. O-O-O Qa5 11. h4 Ne5 12. Bb3 Rfc8 13. h5 Nxh5 14.
Bh6 Nd3+ 15. cxd3 Bxd4 16. Kb1 Bxc3 17. bxc3 Qxc3 18. Qg5 Nf6 19. d4 a5 20. e5
Bf5+ 21. Qxf5 gxf5 22. exf6 exf6 23. Rh3 f4 24. Rh4 Kh8 25. Rdh1 Qe3 26. Kb2 a4
27. Rg4 a3+ 0-1

[Event "Kalamazoo (WMUSO/4/11)"]
[Site "?"]
[Date "1986.??.??"]
[Round "?"]
[White "Moody, David"]
[Black "Griffin, John"]
[Result "1-0"]
[WhiteElo "1970"]
[BlackElo "1605"]
[PlyCount "61"]
[EventDate "1986.??.??"]

{4/(11)} 1. e4 c5 2. Nf3 Nc6 3. d4 cxd4 4. Nxd4 Nf6 5. Nc3 e5 6. Ndb5 d6 7. Nd5
Nxd5 8. exd5 Ne7 9. c4 a6 10. Qa4 axb5 11. Qxa8 bxc4 12. Bxc4 Qb6 13. O-O Qc5
14. Bb3 f6 15. Be3 Qc7 16. Rac1 Qd8 17. Rc3 b5 18. Rfc1 Bd7 19. Qb7 Kf7 20. Rc7
Be8 21. Bb6 Kg6 22. Rc8 Qd7 23. R1c7 Qf5 24. Bc2 e4 25. Rxe8 Qe5 26. Rexe7 Qxb2
27. Rxg7+ Bxg7 28. Rxg7+ Kf5 29. Qd7+ Ke5 30. Qe6+ Kf4 31. Be3# 1-0

[Event "Taylor (SEMO/5/10)"]
[Site "?"]
[Date "1986.??.??"]
[Round "?"]
[White "Moody, David"]
[Black "Gaba, H.."]
[Result "1-0"]
[WhiteElo "1955"]
[BlackElo "1805"]
[PlyCount "81"]
[EventDate "1986.??.??"]

{5/(10)} 1. e4 e6 2. d4 a6 3. c4 g6 4. Nf3 Bg7 5. Bg5 Bf6 6. Bxf6 Qxf6 7. e5
Qe7 8. Nc3 b6 9. Bd3 Bb7 10. Qe2 d6 11. O-O-O Nd7 12. Rhe1 O-O-O 13. Be4 f5 14.
Bxb7+ Kxb7 15. exd6 Qxd6 16. Qxe6 Qxe6 17. Rxe6 Ngf6 18. Rde1 Ng4 19. Ng5 Rhg8
20. f3 Ngf6 21. Re7 Kc8 22. Nxh7 Nxh7 23. Rxh7 Nf6 24. Rf7 Rgf8 25. Ree7 Rxf7
26. Rxf7 Nh5 27. Nd5 Rd7 28. Rxd7 Kxd7 29. g4 fxg4 30. fxg4 Ng7 31. Kd2 Ne6 32.
Ke3 b5 33. cxb5 axb5 34. h4 c6 35. Nf4 Nf8 36. h5 gxh5 37. gxh5 Kd6 38. h6 Nh7
39. Ke4 Ke7 40. Kf5 Kf7 41. Ne6 1-0

[Event "Monroe (RVO/2/14)"]
[Site "?"]
[Date "1986.??.??"]
[Round "?"]
[White "Moody, David"]
[Black "Freese, M.."]
[Result "1-0"]
[WhiteElo "2015"]
[BlackElo "1815"]
[PlyCount "181"]
[EventDate "1986.??.??"]

{2/(14)} 1. e4 c6 2. d3 d5 3. Nd2 e5 4. Ngf3 Bg4 5. g3 Nf6 6. Bg2 Nbd7 7. O-O
Bc5 8. c3 O-O 9. Re1 Re8 10. Qc2 dxe4 11. dxe4 Bf8 12. Nc4 b5 13. Ne3 Bxf3 14.
Bxf3 Nc5 15. Rd1 Qb6 16. Nf5 Rad8 17. Bg5 Qc7 18. Bxf6 gxf6 19. Rxd8 Rxd8 20.
Rd1 Rxd1+ 21. Bxd1 Qd7 22. b4 Nxe4 23. Bg4 Qd2 24. Qxe4 Qxc3 25. Bf3 c5 26.
Qg4+ Kh8 27. bxc5 Qxc5 28. Be4 Qc1+ 29. Kg2 Qg5 30. Qxg5 fxg5 31. Bd5 f6 32.
Kf3 a5 33. Ke4 Bc5 34. f3 b4 35. Bb3 h5 36. h3 Kh7 37. Kd5 Bb6 38. Ke6 g4 39.
hxg4 hxg4 40. fxg4 e4 41. Bc2 a4 42. Bxe4 b3 43. axb3 a3 44. Bb1 Kg6 45. Ne7+
Kg5 46. Nd5 Bd4 47. b4 Kxg4 48. Nxf6+ Kxg3 49. Nd5 Kf3 50. b5 Ke2 51. b6 Bxb6
52. Nxb6 Kd2 53. Na4 Kc1 54. Ba2 Kd2 55. Kd6 Kd3 56. Kc5 Ke4 57. Kb4 Kd4 58.
Kxa3 Ke5 59. Kb4 Kd4 60. Bc4 Ke5 61. Kc5 Ke4 62. Nc3+ Ke5 63. Bd5 Kf4 64. Kd4
Kf5 65. Nb5 Kf4 66. Be6 Kf3 67. Ke5 Ke3 68. Bd5 Kd3 69. Kf4 Kd2 70. Bc4 Kc2 71.
Ke3 Kd1 72. Nd4 Kc1 73. Kd3 Kb2 74. Nc2 Kc1 75. Kc3 Kb1 76. Bd5 Kc1 77. Ba2 Kd1
78. Nd4 Ke1 79. Kd3 Kf2 80. Ne2 Kf3 81. Be6 Kf2 82. Kd2 Kf3 83. Bf5 Kf2 84. Be4
Kf1 85. Ke3 Ke1 86. Bc2 Kf1 87. Nf4 Ke1 88. Ng2+ Kf1 89. Kf3 Kg1 90. Bd3 Kh2
91. Nf4 1-0

[Event "Monroe (MI Op/2/6)"]
[Site "?"]
[Date "1986.??.??"]
[Round "?"]
[White "Moody, David"]
[Black "Cooper, T.."]
[Result "0-1"]
[WhiteElo "2015"]
[BlackElo "2145"]
[PlyCount "50"]
[EventDate "1986.??.??"]

{2/(6)} 1. e4 c6 2. d3 d5 3. Nd2 e5 4. Ngf3 Bd6 5. g3 Nf6 6. Bg2 O-O 7. O-O Re8
8. Re1 Nbd7 9. Nf1 Nf8 10. Bg5 h6 11. Bxf6 Qxf6 12. Ne3 dxe4 13. dxe4 Bc7 14.
Nh4 Ng6 15. Nhf5 Ne7 16. Ng4 Qe6 17. Bh3 Nxf5 18. exf5 Qd5 19. Nxh6+ gxh6 20.
Qg4+ Kh7 21. Rad1 Rg8 22. c4 Rxg4 23. cxd5 Rd4 24. Rxd4 exd4 25. Re7 Bd8 0-1